Catalysis - Science and Technology: in 4 vol.
| مؤلفون آخرون: | , |
|---|---|
| اللغة: | الإنجليزية |
| منشور في: |
Berlin, Academie-Verlag, 1982
|
| التنسيق: | كتاب |
| KOHA link: | https://koha.lib.tpu.ru/cgi-bin/koha/opac-detail.pl?biblionumber=326440 |
MARC
| LEADER | 00000nam1a2200000 4500 | ||
|---|---|---|---|
| 001 | 326440 | ||
| 005 | 20231101024141.0 | ||
| 035 | |a (RuTPU)RU\TPU\book\352088 | ||
| 090 | |a 326440 | ||
| 100 | |a 20161227d1882 km y0engy50 ba | ||
| 101 | 0 | |a eng | |
| 102 | |a DE | ||
| 200 | 1 | |a Catalysis - Science and Technology |e in 4 vol. |f editors J. R. Anderson, M. Boudart | |
| 210 | |a Berlin |c Academie-Verlag |d 1982 | ||
| 702 | 1 | |a Anderson |b J. R. |4 340 | |
| 702 | 1 | |a Boudart |b M. |4 340 | |
| 801 | 1 | |a RU |b 63413507 |c 20161227 | |
| 801 | 2 | |a RU |b 63413507 |c 20181113 |g RCR | |
| 942 | |c BK | ||